Quick Pick: Vocabulary Flip-Flop Quiz Stats

 Plays Quiz Updated Jul 19, 2017

Support Sporcle.
Go Orange.
Score 0/10 Timer 01:30
0 Plays Today
% Correct
nomadic
91.2%
​renumerate
85.8%
monadic
71.1%
​remunerate
68.9%
​neoplasm
61.5%
ketonic
60.8%
antimony
52.5%
antinomy
50.1%
​pleonasm
41.9%
kenotic
22.4%

Today's Daily Dose

You're not logged in!

Compare scores with friends on all Sporcle quizzes.
OR
Log In
Forgot?

From the Vault

Quiz Mountain: Olympic Edition

by bhenderson79

We'd rather ski down the mountain than climb it, but to each their own.
Remove Ads.
Support Sporcle.
Get the best of Sporcle when you Go Orange. This ad-free experience offers more features, more stats, and more fun while also helping to support Sporcle. Thank you for becoming a member.

Show Comments

Extras

Top Quizzes Today


Score Distribution

Your Account Isn't Verified!

In order to create a playlist on Sporcle, you need to verify the email address you used during registration. Go to your Sporcle Settings to finish the process.

Report this User

Report this user for behavior that violates our Community Guidelines.

Details: